The Buffalo Soldiers : (Record no. 618204)

MARC details
000 -LEADER
fixed length control field 00493nam a2200181 a 4500
008 - FIXED-LENGTH DATA ELEMENTS--GENERAL INFORMATION
fixed length control field 260330s2003##################000#0#eng##
020 ## - INTERNATIONAL STANDARD BOOK NUMBER
ISBN 9781590840726
082 04 - DEWEY DECIMAL CLASSIFICATION NUMBER
Classification number 355.00899607
Item number BAR
100 1# - MAIN ENTRY--AUTHOR NAME
Personal name Barnett, Tracy,
245 10 - TITLE STATEMENT
Title The Buffalo Soldiers :
260 ## - PUBLICATION, DISTRIBUTION, ETC. (IMPRINT)
Name of publisher Mason Crest Publishers,
Year of publication 2003.
650 #0 - SUBJECT ADDED ENTRY--TOPICAL TERM
Topical Term African American soldiers.
942 ## - ADDED ENTRY ELEMENTS (KOHA)
Koha item type English Books
Holdings
Withdrawn status Lost status Damaged status Not for loan Home library Current library Shelving location Date acquired Full call number Accession Number Price effective from Koha item type
        Anna Centenary Library Anna Centenary Library 4TH FLOOR, A WING 30.03.2026 355.00899607 BAR 440877 30.03.2026 English Books

Find us on the map